| 000 | 00681nam a2200205Ia 4500 | ||
|---|---|---|---|
| 008 | 191130s1993##################000#0#eng## | ||
| 020 | _a9780521398145 | ||
| 022 | _a92025768 | ||
| 040 |
_aACL _cACL |
||
| 082 | _a791.430233092 STE | ||
| 100 | _aSterritt, David | ||
| 245 |
_aFilms of Alfred Hitchcock _cDavid Sterritt |
||
| 260 |
_aCambridge _bCambridge University Press _c1993 |
||
| 300 | _avii, 165 p. : ill. ; 24 cm | ||
| 500 | _aIncludes filmography. Includes bibliographical references (p. 148] and index | ||
| 650 | _aHitchcock, Alfred, 1899-1980 - Criticism and interpretation | ||
| 990 | _ac6658e6aac10000c0cee236b289ce021 | ||
| 991 | _a359710 | ||
| 999 |
_c183425 _d183425 |
||